| 000 | 01067cam a22001931a 4500 | ||
|---|---|---|---|
| 082 |
_a968.048 _bWAR |
||
| 110 | 1 |
_aPrussia (Kingdom). _949435 |
|
| 245 | 1 | 4 |
_aThe war in South Africa / _cPrepared in the Historical section of the Great General Staff, Berlin. Authorised translation by Colonel W. H. H. Waters. |
| 260 |
_aLondon : _bJ. Murray, _c1904. |
||
| 300 |
_aix, 280 p., 2 plates : _b8 folded maps ; _c23 cm. |
||
| 500 | _aIncludes index. | ||
| 500 | _aPart of a work originally published in German under title: "Erfahrungen aussereuropäischer Kriege neuester Zeit, I: Aus dem südafrikanischen Kriege, 1899 bis 1902," in Kriegsgeschichtliche Einzelschriften. This section appeared as hft. 32 and part of hft. 33. | ||
| 505 | 0 | _aColenso and Magersfontein -- Operations in the western theatre of war from the assumption of command by Lord Roberts until the surrender of Cronje. | |
| 526 |
_a0 _b0 _c0 _d968_048000000000000_WAR |
||
| 650 | 0 |
_aMCE _9379 |
|
| 650 | 0 |
_aSouth African War, 1899-1902. _937963 |
|
| 700 | 1 |
_aWaters, W. H. H. _950076 |
|
| 942 |
_2ddc _cBK |
||
| 999 |
_c552831 _d552831 |
||